|
|
|
|
| LEADER |
00000naa2a2200000 4500 |
| 001 |
194448 |
| 005 |
20231031182346.0 |
| 035 |
|
|
|a (RuTPU)RU\TPU\book\212074
|
| 090 |
|
|
|a 194448
|
| 100 |
|
|
|a 20110415d2009 k y0rusy50 ca
|
| 101 |
0 |
|
|a rus
|
| 102 |
|
|
|a RU
|
| 200 |
1 |
|
|a О выборе параметров многоканальных непрерывно сканирующих систем цифровой рентгенографии
|f М. Б. Лебедев, О. А. Сидуленко, В. А. Удод
|
| 320 |
|
|
|a Библиогр.: 14 назв.
|
| 461 |
|
1 |
|0 (RuTPU)RU\TPU\book\209137
|y 978-598298-543-9
|t Становление и развитие научных исследований в высшей школе
|o сборник трудов Международной научной конференции, посвященной 100-летию со дня рождения профессора А. А. Воробьева, Томск, 14-16 сентября 2009 г.
|f Российская академия наук (РАН) ; Ассоциация инженерного образования России (АИОР) ; Томский политехнический университет (ТПУ)
|d 2009
|
| 463 |
|
0 |
|0 (RuTPU)RU\TPU\book\208673
|y 978-5-98298-547-7
|t Т. 2
|v С. 115-120
|d 2009
|p 462 с.
|
| 610 |
1 |
|
|a цифровая рентгенография
|
| 610 |
1 |
|
|a сканирующие системы
|
| 610 |
1 |
|
|a параметры
|
| 610 |
1 |
|
|a труды учёных ТПУ
|
| 700 |
|
1 |
|a Лебедев
|b М. Б.
|
| 701 |
|
1 |
|a Сидуленко
|b О. А.
|c специалист в области неразрушающего контроля
|c профессор Томского политехнического университета, доктор технических наук
|f 1958-
|g Олег Анатольевич
|2 stltpush
|3 (RuTPU)RU\TPU\pers\27098
|
| 701 |
|
1 |
|a Удод
|b В. А.
|
| 801 |
|
1 |
|a RU
|b 63413507
|c 20110415
|
| 801 |
|
2 |
|a RU
|b 63413507
|c 20111110
|g RCR
|
| 942 |
|
|
|c BK
|